The ugly duckling

Bibliographic Details
Main Author: Muhammad Azam
Corporate Author: Si itik hodoh
Format: Book
Published: Kuala Lumpur : Pustaka Prinsip , 2004
Series:Science stories and fact series
Subjects:

MARC

LEADER 00000cam a2200000 7i4500
001 0000006721
005 20220105104025.0
008 070820
020 |a 9830532194(set) 
020 |a 9830532267 
090 0 0 |a JP   |b NH ENG (7527) 
100 0 |a Muhammad Azam 
245 1 4 |a The ugly duckling   |c Muhammad Azam 
260 |a Kuala Lumpur :   |b Pustaka Prinsip ,   |c 2004 
440 |a Science stories and fact series 
500 |a Children age 4-6 years old (yellow) 
650 0 |a Readers   |x Science 
710 1 |a Si itik hodoh 
999 |a 0000986373   |b Book   |c Children Collection   |e Cawangan Batu Pahat 
999 |a 0000986374   |b Book   |c Children Collection   |e Perbadanan Perpustakaan Awam Johor 
999 |a 0000986375   |b Book   |c Children Collection   |e Cawangan Muar 
999 |a 0000986376   |b Book   |c Children Collection   |e Cawangan Kota Tinggi 
999 |a 0000986377   |b Book   |c Children Collection   |e Perbadanan Perpustakaan Awam Johor